Archipelago : critiques of contemporary architecture and education /

Bibliographic Details
Main Author: Williams, A. Richard
Format: Book
Language:English
Published: Tucson, AZ : Osimo Press ; [2009]
Subjects:

MARC

Tag First Indicator Second Indicator Subfields
LEADER 00000cam a2200000Ka 4500
001 in00002509921
005 20151201114057.0
008 090703s2009 azuab b s000 0deng d
020 |a 9780252076855 
020 |a 0252076850 
035 |a (OCoLC)ocn422761147 
035 |a (OCoLC)422761147 
040 |a BTCTA  |c BTCTA  |d YDXCP  |d BWX  |d OCLCQ  |d UtOrBLW 
043 |a n-us--- 
049 |a TXAM 
050 4 |a NA737.W55  |b A35 2009 
082 0 |a 720.9 
100 1 |a Williams, A. Richard. 
245 1 0 |a Archipelago :  |b critiques of contemporary architecture and education /  |c A. Richard Williams. 
264 1 |a Tucson, AZ :  |b Osimo Press ;  |c [2009] 
264 2 |a Chicago :  |b Exclusive distribution by the University of Illinois Press, 
264 4 |c ©2009 
300 |a 305 pages :  |b illustrations (chiefly color), maps (some color) ;  |c 22 cm. 
336 |a text  |b txt  |2 rdacontent 
337 |a unmediated  |b n  |2 rdamedia 
338 |a volume  |b nc  |2 rdacarrier 
504 |a Includes bibliographical references. 
600 1 0 |a Williams, A. Richard. 
650 0 |a Architecture  |x Study and teaching  |z United States. 
650 0 |a Architects  |z United States. 
650 0 |a Architectural criticism. 
938 |a Baker and Taylor  |b BTCP  |n BK0008465053 
938 |a YBP Library Services  |b YANK  |n 3144589 
938 |a Blackwell Book Service  |b BBUS  |n R4824611  |c $35.00 
945 |a PromptCat  |b 926818 
946 |a stk 
947 |a A14840090945 
994 |a 92  |b TXA 
948 |a cataloged  |b h  |d 2010/3/22  |h c  |e asalazar  |f 3:43:42 pm 
999 |a MARS 
999 f f |s 1579d142-1c7e-39c7-a492-d5c09e0672fd  |i 5f0ba2ca-3955-3a13-b99f-148ebcd6fa62  |t 0 
952 f f |p ric  |a Texas A&M University  |b Rellis Campus  |c Joint Library Facility  |d Remote Storage  |t 0  |e NA737.W55 A35 2009  |h Library of Congress classification  |i unmediated -- volume  |m A14840090945 
998 f f |a NA737.W55 A35 2009  |t 0  |l Remote Storage